000 00642nam a2200181Ia 4500
001 4914
005 20260306145829.0
008 260306t2011||||xx |||||||||||||| ||spa||
041 _aESP
082 _a331.2
_bC265
100 _aConsorcio de Investigación Económica y Social
_eAUT
245 0 _aEmpleo informal y políticas de protección social en Perú. Retos y oportunidades para el nuevo gobierno; Experiencias y estrategias de protección social desde organizaciones de trabajadores informales urbanos en Perú
260 _c2011
300 _a82 páginas :
_c30 cm.
650 _aGEN
654 _aCAN
942 _cREV
_dJUS
_fJUS
_2ddc
_n
999 _c4914
_d4914